| 000 | 00574nam a22002057a 4500 | ||
|---|---|---|---|
| 005 | 20250515051143.0 | ||
| 008 | 250515b |||||||| |||| 00| 0 eng d | ||
| 020 | _a9789391883911 | ||
| 040 |
_aIN-DiNC _cIN-DiNC |
||
| 041 | _dasm | ||
| 082 |
_a330.954162 _bSAI |
||
| 100 |
_aSaikia, Mainumoni _eauthor |
||
| 245 |
_aAsamar arthaniti (Major 6)/ _cby Mainumoni Saikia and Reema Rabha |
||
| 250 | _a1st ed. | ||
| 260 |
_aJorhat: _bUnika prakashan, _c2025. |
||
| 300 | _a328p. | ||
| 650 | _aEconomy of Assam (Major 6) | ||
| 700 |
_aRabha, Reema _eauthor |
||
| 942 |
_2ddc _cBK |
||
| 999 |
_c12183 _d12183 |
||